La marca corporativa : gestión y diseño de símbolos y logotipos /
El objeto de análisis de este trabajo es la identificación gráfica de las organizaciones, sus funciones, y las características y condiciones de su adecuada gestión. Las marcas corporativas y las marcas de producto presentan amplias áreas de superposición, por lo tanto, es indispensable distinguir en...
Guardado en:
| Autor principal: | |
|---|---|
| Otros autores: | |
| Formato: | Libro |
| Idioma: | Español |
| Publicado: |
Buenos Aires, Argentina :
Paidós,
2003, c2003
|
| Colección: | (Estudios de Comunicación ;
17) |
| Temas: | |
| Etiquetas: |
Sin etiquetas, Sé el primero en etiquetar este registro!
|
MARC
| LEADER | 00000nam^a2200000^a^4500 | ||
|---|---|---|---|
| 001 | 000156600 | ||
| 005 | 20250521000000.0 | ||
| 009 | 20260310100511.293 | ||
| 020 | |a 950-12-2717-0 | ||
| 037 | |a Acervo ITESO - Biblioteca | ||
| 041 | |a ESP | ||
| 082 | |a 741. 63 |b CHA | ||
| 100 | |a Chaves, Norberto |e (autor) | ||
| 245 | 1 | 3 | |a La marca corporativa : |b gestión y diseño de símbolos y logotipos / |c N. Chaves, R. Belluccia. |
| 264 | 4 | |a Buenos Aires, Argentina : |b Paidós, |c 2003, c2003 | |
| 300 | |a 122 p. | ||
| 336 | |a texto |b txt |2 rdacontenido | ||
| 337 | |a sin mediación |b n |2 rdamedio | ||
| 338 | |a volumen |b nc |2 rdasoporte | ||
| 440 | 1 | |a (Estudios de Comunicación ; |v 17) | |
| 520 | |a El objeto de análisis de este trabajo es la identificación gráfica de las organizaciones, sus funciones, y las características y condiciones de su adecuada gestión. Las marcas corporativas y las marcas de producto presentan amplias áreas de superposición, por lo tanto, es indispensable distinguir entre una y otra. El diseño de marca le permitirá a la empresa posicionarse estratégicamente, y para ello plantea una serie de requerimientos con una doble característica: verbal (el nombre) y visual(la manera de escribirlo más los signos que suelen acompañarlo). Es en esta última característica específicamente donde se concentra el texto, en el diseño de logotipos y símbolos. | ||
| 649 | |a XX | ||
| 650 | |a Marcas (Mercadotecnia) | ||
| 650 | |a Logotipos | ||
| 650 | |a Identidad Corporativa | ||
| 650 | |a Promoción del Servicio | ||
| 650 | |a Promoción del Producto | ||
| 650 | |a Comunicación Visual | ||
| 650 | |a Mezcla de Mercadotecnia | ||
| 650 | |a Mercadotecnia | ||
| 650 | |a Diseño Gráfico | ||
| 700 | |a Belluccia, Raúl |e (autor) | ||
| 910 | |a Fondo General | ||
| 920 | |a Impresos - Libros | ||
| 930 | |a Colección General | ||
| 905 | |a 101 | ||
| 901 | |a 0500085242 |b IT1 |c ACC |u 20250521 | ||
| 902 | |a https://opac.biblio.iteso.mx/vufind/Record/000156600 | ||